| 000 | 00326 a2200133 4500 | ||
|---|---|---|---|
| 001 | 88268 | ||
| 082 | _aPR 492 | ||
| 090 |
_c41682 _d41682 |
||
| 100 | _aMehmood Alam | ||
| 245 | _aTo study the complete buckling analysis of a wing | ||
| 260 |
_aRisalpur _bNUST Risalpur _c2000 |
||
| 300 | _a60p. | ||
| 500 | _aBE Project Reports | ||
| 942 |
_aCAE NUST _kPR 492 |
||
| 999 |
_c323341 _d323341 |
||